000 00789nam a2200241 i 4500
001 17538
003 ES-MaACL
005 20250808062719.0
007 t|
008 010402s2000 sp ||||1| spa d
020 _a84-7914-497-1
080 _a24 Juan de Avila, Santo
100 1 _aEsquerda Bifet, Juan.
_947962
245 1 0 _aIntroducción a la doctrina de San Juan de Avila /
_cJuan Esquerda Bifet.
260 _aMadrid :
_bBiblioteca de Autores Cristianos,
_c2000.
300 _aXVIII, 569 p. ;
_c20 cm.
490 1 _aBiblioteca de autores cristianos ;
_v608
504 _aBibliografía: p. [533]-559.
600 1 4 _aJuan de Ávila
_cSanto.
_9139727
830 0 0 _aBiblioteca de autores cristianos
_v608
_9178679
852 _aES-MaACL
_jJ-595
_bR.129976
999 _c17538
_d17538